Formule 1 circuits 2025 par image - Statistiques

Statistiques générales
  • Ce quiz a été pris 286 fois
  • Le résultat moyen est 14 sur 24
Statistiques - réponses
Par images Réponse % Correct
Monza
81%
Monte-Carlo
79%
Suzuka
72%
Bakou
69%
Las Vegas
68%
Spa
68%
Jeddah
64%
Shanghai
64%
Al Daayen
57%
Montméló
57%
Marina Bay
56%
Budapest
55%
Spielberg
54%
Melbourne
53%
Montréal
51%
Miami
50%
Abu Dhabi
49%
Austin
49%
Emilia Romagna
49%
Silverstone
47%
Zandvoort
43%
Mexico city
42%
Sakhir
38%
São Paulo
34%
Aucun quiz correspondant
Distribution des résultats
% des personnes avec chaque résultat
Percentile par nombre de réponses
Votre historique - résultats
Vous n’avez pas pris ce quiz